[Event "CRO-chT2 South"]
[Site "Croatia"]
[Date "2014.04.26"]
[Round "2.1"]
[White "Saric, Luka"]
[Black "Jerkovic, Ivan"]
[Result "0-1"]
[WhiteElo "1894"]
[BlackElo "2122"]
[PlyCount "70"]
[EventDate "2014.04.25"]
[EventType "team-tourn"]
[EventRounds "9"]
[EventCountry "CRO"]
[SourceTitle "EXT 2019"]
[Source "ChessBase"]
[SourceDate "2018.10.10"]
[SourceVersion "1"]
[SourceVersionDate "2018.10.10"]
[SourceQuality "1"]

1. d4 Nf6 2. c4 g6 3. Nc3 Bg7 4. e4 d6 5. Nf3 0-0 6. Be2 Nbd7 7. 0-0 e5 8. Re1 c6 9. Bf1 a6 10. d5 c5 11. Bd3 Kh8 12. Nd2 Ng8 13. Nf1 Ndf6 14. f4 exf4 15. Bxf4 Ng4 16. Be3 Qh4 17. h3 Nxe3 18. Nxe3 Bd4 19. Kh1 Bxh3 20. Kg1 Qg5 21. Qf3 Bxg2 22. Qxg2 Bxe3+ 23. Kf1 Qf4+ 24. Ke2 Bd4 25. Kd1 Bg7 26. Kc2 Qe5 27. Rh1 b5 28. cxb5 c4 29. Bxc4 Rac8 30. Qh3 h6 31. Qd3 axb5 32. Bxb5 Ne7 33. Rae1 Rc7 34. a4 Rfc8 35. Re3 Rc5 0-1

[Event "CRO-chT2S"]
[Site "Makarska"]
[Date "2013.04.07"]
[Round "3.2"]
[White "Bratosevic, Mladen"]
[Black "Jerkovic, Ivan"]
[Result "1-0"]
[WhiteElo "2191"]
[BlackElo "2119"]
[PlyCount "68"]
[EventDate "2013.04.05"]
[EventType "team-tourn"]
[EventRounds "9"]
[EventCountry "CRO"]
[SourceTitle "EXT 2014"]
[Source "ChessBase"]
[SourceDate "2013.11.20"]
[SourceVersion "1"]
[SourceVersionDate "2013.11.20"]
[SourceQuality "1"]
[WhiteTeam "Mravince II"]
[BlackTeam "Makarska"]
[WhiteTeamCountry "CRO"]
[BlackTeamCountry "CRO"]

1. c4 g6 2. Nc3 Bg7 3. g3 Nf6 4. Bg2 0-0 5. Nf3 d6 6. 0-0 c6 7. d4 Bf5 8. h3 Ne4 9. Qb3 Nxc3 10. Qxc3 Be4 11. Qd2 d5 12. c5 Nd7 13. Qb4 b6 14. Rd1 bxc5 15. dxc5 a5 16. Qa3 e5 17. Bg5 f6 18. Bd2 Qc7 19. Ne1 Bxg2 20. Kxg2 Rfb8 21. Rac1 Bf8 22. Rc2 Qa7 23. Rdc1 e4 24. Bf4 Ne5 25. Bxe5 fxe5 26. Qe3 Bg7 27. f3 exf3+ 28. Nxf3 Rf8 29. Rf1 Qd7 30. Rcc1 Rae8 31. b3 Rf5 32. Nh2 Bh6 33. Qxh6 Rh5 34. Ng4 Rxh6 1-0

[Event "Mediterranean op-B 4th"]
[Site "Rijeka"]
[Date "2010.11.18"]
[Round "7"]
[White "Muslija, Idris"]
[Black "Jerkovic, Ivan"]
[Result "1-0"]
[WhiteElo "2199"]
[BlackElo "2169"]
[PlyCount "107"]
[EventDate "2010.11.13"]
[EventType "swiss"]
[EventRounds "9"]
[EventCountry "CRO"]
[SourceTitle "EXT 2011"]
[Source "ChessBase"]
[SourceDate "2010.11.26"]
[SourceVersion "1"]
[SourceVersionDate "2010.11.26"]
[SourceQuality "1"]

1. e4 e6 2. d4 d5 3. Nd2 Nf6 4. e5 Nfd7 5. Bd3 c5 6. c3 Nc6 7. Ne2 cxd4 8. cxd4 f6 9. exf6 Nxf6 10. Nf3 Bd6 11. 0-0 Qc7 12. Bg5 0-0 13. Bh4 Nh5 14. Bg3 Nxg3 15. hxg3 g6 16. Qd2 Qg7 17. Rac1 Bd7 18. a3 a6 19. b4 Rf6 20. Qe3 Raf8 21. Rc2 Bb8 22. Nc1 Rxf3 23. gxf3 Nxd4 24. Ra2 Rxf3 25. Qg5 Rf5 26. Qe3 Rf3 27. Qg5 Rf6 28. Be2 Bb5 29. Kg2 Bc6 30. Bd1 h6 31. Qd2 Nf5 32. Nb3 Qc7 33. f4 d4+ 34. Kh3 Nxg3 35. Kxg3 g5 36. Kh3 e5 37. Na5 Bb5 38. Rf2 Qc8+ 39. Kg2 gxf4 40. Qc2 Qf8 41. Bf3 Rf5 42. Kh1 d3 43. Qb3+ Kh8 44. Qe6 Rf6 45. Qd5 Qc8 46. Kh2 b6 47. a4 Be8 48. Nb3 Bf7 49. Qxd3 Bxb3 50. Qxb3 e4 51. Rac2 Qf5 52. Rg2 Re6 53. Rc8+ Kh7 54. Rxb8 1-0

[Event "Mediterranean op-B 4th"]
[Site "Rijeka"]
[Date "2010.11.16"]
[Round "5"]
[White "Jerkovic, Ivan"]
[Black "Stocko, Josip"]
[Result "1-0"]
[WhiteElo "2169"]
[BlackElo "2200"]
[PlyCount "41"]
[EventDate "2010.11.13"]
[EventType "swiss"]
[EventRounds "9"]
[EventCountry "CRO"]
[SourceTitle "EXT 2011"]
[Source "ChessBase"]
[SourceDate "2010.11.26"]
[SourceVersion "1"]
[SourceVersionDate "2010.11.26"]
[SourceQuality "1"]

1. e4 c5 2. Nf3 d6 3. d4 cxd4 4. Nxd4 Nf6 5. Nc3 a6 6. Bg5 Nbd7 7. Bc4 e6 8. Qe2 Qa5 9. f4 b5 10. Bxe6 fxe6 11. Nxe6 Nc5 12. Nxc5 dxc5 13. Bxf6 gxf6 14. Qh5+ Ke7 15. Qxc5+ Kf7 16. Qd5+ Be6 17. Qxa8 Bb4 18. Qb7+ Kg6 19. 0-0 Bc8 20. Qc6 Rd8 21. Nd5 1-0

[Event "Omis op"]
[Site "Omis"]
[Date "2007.10.06"]
[Round "4"]
[White "Armanda, Ivica"]
[Black "Jerkovic, Ivan"]
[Result "1-0"]
[WhiteElo "2340"]
[BlackElo "2170"]
[PlyCount "99"]
[EventDate "2007.10.05"]
[EventType "swiss"]
[EventRounds "7"]
[EventCountry "CRO"]
[SourceTitle "CBM 120 Extra"]
[Source "ChessBase"]
[SourceDate "2007.11.01"]
[SourceVersion "1"]
[SourceVersionDate "2007.11.01"]
[SourceQuality "1"]

1. e4 e6 2. d4 d5 3. Nc3 Bb4 4. exd5 exd5 5. Bd3 Nc6 6. a3 Bd6 7. Nge2 Be6 8. Nb5 Be7 9. Bf4 Rc8 10. 0-0 a6 11. Nbc3 Bf6 12. Na4 Rb8 13. Nc5 Bg4 14. h3 Bc8 15. c3 Nge7 16. Ng3 Ng6 17. Re1+ Be7 18. Bd2 0-0 19. Qh5 Na5 20. Nf5 Bxf5 21. Bxf5 Bxc5 22. dxc5 Qf6 23. Bf4 Qc6 24. b4 Nc4 25. Bg3 Rbe8 26. Red1 Nce5 27. f4 Nc4 28. Bxg6 Qxg6 29. Qxg6 fxg6 30. Rxd5 Re3 31. Bf2 Rxc3 32. Re1 Nxa3 33. Rd7 Nb5 34. Ree7 Rxf4 35. Rxg7+ Kf8 36. Rxh7 Ke8 37. Rhe7+ Kf8 38. Be3 Rxe3 39. Rxe3 Rxb4 40. Re6 Rc4 41. c6 bxc6 42. Rxg6 a5 43. Rd8+ Kf7 44. Rg4 Rc1+ 45. Kh2 c5 46. Ra8 c4 47. Rxa5 Nd6 48. Rc5 c3 49. Rxc7+ Ke6 50. Rg6+ 1-0

[Event "Velika Gorica op 7th"]
[Site "Velika Gorica"]
[Date "2007.08.19"]
[Round "2"]
[White "Jerkovic, Ivan"]
[Black "Juric, Ivan"]
[Result "0-1"]
[WhiteElo "2183"]
[BlackElo "1943"]
[PlyCount "116"]
[EventDate "2007.08.18"]
[EventType "swiss"]
[EventRounds "9"]
[EventCountry "CRO"]
[SourceTitle "CBM 120 Extra"]
[Source "ChessBase"]
[SourceDate "2007.11.01"]
[SourceVersion "1"]
[SourceVersionDate "2007.11.01"]
[SourceQuality "1"]

1. e4 e5 2. Nf3 Nc6 3. Bb5 a6 4. Ba4 Nf6 5. 0-0 Be7 6. Re1 b5 7. Bb3 d6 8. c3 0-0 9. h3 Nd7 10. d4 Nb6 11. Nbd2 Bf6 12. Nf1 Qe7 13. Ne3 g6 14. d5 Na5 15. Bc2 Bd7 16. b3 c5 17. Bd2 c4 18. b4 Nb7 19. Ng4 Bxg4 20. hxg4 a5 21. Be3 Nd7 22. a4 Rfc8 23. axb5 Qd8 24. Qe2 Nb6 25. Nd2 axb4 26. cxb4 c3 27. Nb3 Bg5 28. Bxb6 Qxb6 29. Bd3 Qc7 30. Qc2 Kg7 31. Be2 Bf4 32. g3 Bg5 33. Ra6 h5 34. gxh5 gxh5 35. Rea1 Rab8 36. Bxh5 Rh8 37. Bg4 Qe7 38. Qxc3 Rbg8 39. Bf3 Qd7 40. Qc6 Qh3 41. Qxb7 Be3 42. Bg2 Qxg3 43. fxe3 Rh2 44. Qxf7+ Kxf7 45. Rf1+ Kg7 46. Rf2 Kh8 47. Raa2 Qh3 48. Kf1 Rh1+ 49. Ke2 Rxg2 50. Kd3 Rd1+ 51. Rfd2 Rgxd2+ 52. Nxd2 Qf1+ 53. Kc3 Qxb5 54. Rb2 Rc1+ 55. Kb3 Qd3+ 56. Ka2 Rc2 57. Nb3 Rxb2+ 58. Kxb2 Qxe3 0-1

[Event "Velika Gorica op 5th"]
[Site "Velika Gorica"]
[Date "2005.08.22"]
[Round "4"]
[White "Jerkovic, Ivan"]
[Black "Pavic, Jakov"]
[Result "0-1"]
[WhiteElo "2195"]
[BlackElo "2067"]
[PlyCount "106"]
[EventDate "2005.08.20"]
[EventType "swiss"]
[EventRounds "9"]
[EventCountry "CRO"]
[SourceTitle "CBM 108 Extra"]
[Source "ChessBase"]
[SourceDate "2005.11.04"]
[SourceVersion "1"]
[SourceVersionDate "2005.11.04"]
[SourceQuality "1"]

1. d4 f5 2. c4 Nf6 3. Nc3 e6 4. Bg5 Be7 5. Qc2 c5 6. e3 h6 7. Bxf6 Bxf6 8. d5 Qa5 9. Be2 exd5 10. Bh5+ Kd8 11. cxd5 b5 12. Nge2 b4 13. Qa4 Qxa4 14. Nxa4 d6 15. Nf4 g5 16. Ne6+ Bxe6 17. dxe6 Na6 18. Bf3 Rb8 19. Rd1 Ke7 20. g4 fxg4 21. Bxg4 h5 22. Bf5 Rbd8 23. a3 bxa3 24. bxa3 Nc7 25. Rb1 Rb8 26. Ke2 Nxe6 27. Rhc1 Rhd8 28. Kd2 Ng7 29. Be4 Be5 30. h3 Kf6 31. Nc3 Bxc3+ 32. Kxc3 Ke5 33. Bh7 Ne6 34. Rxb8 Rxb8 35. Rb1 Rxb1 36. Bxb1 d5 37. Bd3 h4 38. Bf1 c4 39. Bg2 Nc5 40. f4+ gxf4 41. exf4+ Kd6 42. f5 Na4+ 43. Kb4 c3 44. Kb3 d4 45. Bf3 d3 46. Bd1 c2 47. Bxc2 dxc2 48. Kxc2 Ke5 49. Kb3 Nb6 50. Kb4 Kxf5 51. Kb5 Kf4 52. Ka6 Kg3 53. Kxa7 Na4 0-1